Welcome to the Holygrace Academy Library

Please use search bar below to get started

DAVID COPPERFIELD (Record no. 7003)

MARC details
000 -LEADER
fixed length control field 00395nam a22001577a 4500
020 ## - INTERNATIONAL STANDARD BOOK NUMBER
ISBN 978-93-87911-50-5
082 ## - DEWEY DECIMAL CLASSIFICATION NUMBER
Classification number 894.812.3
Item number DIC/D
100 ## - MAIN ENTRY--AUTHOR NAME
Personal name DICKENS,CHARLES
245 ## - TITLE STATEMENT
Title DAVID COPPERFIELD
246 ## - VARYING FORM OF TITLE
Title proper/short title DAVID COPPERFIELD
Remainder of title DAVID COPPERFIELD
260 ## - PUBLICATION, DISTRIBUTION, ETC. (IMPRINT)
Place of publication THRISSUR
Name of publisher H&C STORES
300 ## - PHYSICAL DESCRIPTION
Number of Pages 48
520 ## - SUMMARY, ETC.
Summary, etc malayalam short stories
650 ## - SUBJECT ADDED ENTRY--TOPICAL TERM
Topical Term MALAYALAM STORY
Geographic subdivision KERALA
942 ## - ADDED ENTRY ELEMENTS (KOHA)
Koha item type Books
Holdings
Withdrawn status Lost status Collection code Home library Current library Shelving location Date acquired Source of acquisition Full call number Accession Number Koha item type
    Fiction Main Library Main Library NEW SHELF WITH NEW ENTRY 26/10/2023 PURCHASE 894.812.3 DIC/D 13064 Books